00635nam a2200193 i 4500003000900000005001700009007000300026008004100029040003000070082001400100100003600114245006400150264005000214300005600264336002700320337003400347338002800381504003200409DO-SdBNP20240517112403.0ta110413s1976 dr ac 000 j spa d aDO-SdBNPbspacBNPHUerda 4bM255a2221 aMallol Burgos, Elso F., eautor10aAtlas de histopatología integral /cElso F. Mallol Burgos 1aSanto Domingo :bEconomato de la UASD,c1976. a553 páginas :bIlustraciones y retratos ;c26 cm. 2rdacontentatextobtxt 2rdamediaasin mediación bn 2rdacarrieravolumenbnc aBibliografía : p. 547-553